|
|
|
|
| LEADER |
00745naa a2200205 i 4500 |
| 001 |
misc29649 |
| 005 |
20200430142032.0 |
| 008 |
180214s1980 hu o 0|| hun d |
| 020 |
|
|
|a 963-481-188-4
|
| 040 |
|
|
|a SZTE Miscellanea Repozitórium
|b hun
|
| 041 |
|
|
|a hun
|
| 041 |
|
|
|a lat
|
| 100 |
1 |
|
|a Enyedi István
|
| 245 |
1 |
0 |
|a Enyedi István (1716-1721)
|h [elektronikus dokumentum] /
|c Enyedi István
|
| 260 |
|
|
|c 1980
|
| 300 |
|
|
|a 141-181
|
| 490 |
0 |
|
|a Adattár XVI-XVIII. századi szellemi mozgalmaink történetéhez
|v 6
|
| 695 |
|
|
|a Művelődéstörténet - magyar - 1716-1721 - forrás, Peregrináció, Enyedi István, Teleki Sándor
|
| 700 |
0 |
1 |
|a Teleki Sándor
|
| 856 |
4 |
0 |
|u http://misc.bibl.u-szeged.hu/29649/1/ad_006_143-183.pdf
|z Dokumentum-elérés
|